La revolución mexicana en la literatura y el cine. / (Record no. 40242)
[ view plain ]
| 000 -CABECERA | |
|---|---|
| campo de control de longitud fija | 00666nam a2200193 a 4500 |
| 001 - NÚMERO DE CONTROL | |
| campo de control | 000040752 |
| 005 - FECHA Y HORA DE LA ÚLTIMA TRANSACCIÓN | |
| campo de control | 20201002034344.0 |
| 008 - DATOS DE LONGITUD FIJA--INFORMACIÓN GENERAL | |
| campo de control de longitud fija | 130905s2010 sp a 000 0 spa d |
| 020 ## - NÚMERO INTERNACIONAL ESTÁNDAR DEL LIBRO | |
| Número Internacional Estándar del Libro | 9788484894964 |
| 040 ## - FUENTE DE LA CATALOGACIÓN | |
| Centro catalogador/agencia de origen | DO-SdBNP |
| Lengua de catalogación | spa |
| Centro/agencia transcriptor | BNPHU |
| 082 ## - NÚMERO DE LA CLASIFICACIÓN DECIMAL DEWEY | |
| Número de clasificación | xxx |
| Número de documento/Ítem | xxx |
| 245 03 - MENCIÓN DE TÍTULO | |
| Título | La revolución mexicana en la literatura y el cine. / |
| Mención de responsabilidad, etc. | Olivia C. Díaz Pérez; Florian Gräfe; Friedhelm Schmidt-Welle. |
| 260 ## - PUBLICACIÓN, DISTRIBUCIÓN, ETC. | |
| Lugar de publicación, distribución, etc. | Madrid, : |
| Nombre del editor, distribuidor, etc. | iberoamericana, |
| Fecha de publicación, distribución, etc. | 2010. |
| 300 ## - DESCRIPCIÓN FÍSICA | |
| Extensión | 276 p. : |
| Otras características físicas | il. ; |
| Dimensiones | 22 cm. |
| 490 1# - MENCIÓN DE SERIE | |
| Mención de serie | Bibliotheca Ibero-Americana |
| 540 ## - NOTA DE CONDICIONES DE USO Y REPRODUCCIÓN | |
| Condiciones de uso y reproducción | bibliografía p: 270 |
| 500 ## - NOTA GENERAL | |
| Nota general | Incluye datos biografícos de los autores |
| 830 #0 - PUNTO DE ACCESO ADICIONAL DE SERIE-TÍTULO UNIFORME | |
| Título uniforme | Bibliotheca Ibero-Americana |
| 9 (RLIN) | 4559 |
| Estado de retiro | Estado de pérdida | Restricciones de uso | No para préstamo | Código de colección | Localización permanente | Ubicación/localización actual | Ubicación en estantería | Fecha de adquisición | Número de inventario | Total de préstamos | Signatura topográfica completa | Código de barras | Fecha visto por última vez | Precio válido a partir de | Tipo de ítem Koha |
|---|---|---|---|---|---|---|---|---|---|---|---|---|---|---|---|
| Excluido de préstamo | Monografías: Libros y Folletos | General | General | En catalogación | 05.09.2013 | LF1 | xxx xxx | 40752-10 | 25.06.2020 | 25.06.2020 | No se presta |
